Score 0/17 Timer 02:00
0 Plays Today
Hint 3-Letter Word % Correct
Digit on a FootTOE
97.1%
Perceive with the eyeSEE
96.7%
Drag or pull behind a vehicleTOW
95.5%
The Beatles' best selling single all-time, '___ Loves You'SHE
93.9%
Went first and showed the wayLED
92.5%
In boxing, a quick, short punchJAB
91.8%
★ ___ J. Cobb's role is Marshal Lou Ramsey ★
or US Confederacy general Robert E.
●LEE●
91.2%
Solid, liquid, or ___GAS
90.8%
★ 1962 movie: [rung 1] ___ West [rung 15] [rung 17] ★●●THE●●
89.5%
Hint 3-Letter Word % Correct
Talk incessantly about trivial thingsGAB
87%
26th letter of the alphabet (UK)ZED
85.4%
★ Walter Brennan's role is Col. ___ Hawkins ★
or Former Florida governor Bush
●JEB●
80.7%
★ 1962 movie: ___ [rung 4] West [rung 15] [rung 17] ★●●HOW●●
71.6%
★ 1962 movie: [rung 1] [rung 4] West ___ [rung 17] ★●●WAS●●
70.9%
Unnaturally paleWAN
69.5%
★ George Peppard's role is ___ Rawlings ★
or BBC newsreader Soanes
●ZEB●
69.3%
★ 1962 movie: [rung 1] [rung 4] West [rung 15] ___●●WON●●
68.7%

Today's Daily Dose

You're not logged in!

Compare scores with friends on all Sporcle quizzes.
OR
Log In

Sporcle TV

Today on Sporcle TV


Watch our educational content, quiz creation guides, and fun videos on Sporcle TV.

Show Comments

Extras

Top Quizzes Today


Score Distribution

Paid Content

Your Account Isn't Verified!

In order to create a playlist on Sporcle, you need to verify the email address you used during registration. Go to your Sporcle Settings to finish the process.

Report this User

Report this user for behavior that violates our Community Guidelines.

Details: